Για την άλλη πατρίδα : μυθιστόρημα
Αποθηκεύτηκε σε:
| Κύριος συγγραφέας: | |
|---|---|
| Άλλοι συγγραφείς: | , |
| Μορφή: | Βιβλίο |
| Γλώσσα: | Greek |
| Δημοσίευση: |
Αθήνα :
Πατάκης,
2004.
|
| Έκδοση: | 2η έκδ. |
| Σειρά: | Σύγχρονη λογοτεχνία για παιδιά και για νέους. Συλλογή Χελιδόνια.
6 |
| Θέματα: | |
| Ετικέτες: |
Προσθήκη ετικέτας
Δεν υπάρχουν, Καταχωρήστε ετικέτα πρώτοι!
|
MARC
| LEADER | 00000cam a2200000 i 4500 | ||
|---|---|---|---|
| 001 | 1/48958 | ||
| 008 | 070724s19862004gr | ||| |||| ||gre|| | ||
| 020 | |a 960293137X | ||
| 035 | |l 10089060 | ||
| 040 | |a GR-MyUA |b gre |e AACR2 | ||
| 041 | 0 | |a gre | |
| 082 | 7 | |a 808.0683 |2 (22) | |
| 100 | 1 | |a Πέτροβιτς-Ανδρουτσοπούλου, Λότη, |d 1937- | |
| 245 | 1 | 0 | |a Για την άλλη πατρίδα : |b μυθιστόρημα / |c Λότη Πέτροβιτς-Ανδρουτσοπούλου ; εικονογράφηση Πέτρος Ζαμπέλης, Άννα Μενδρινού. |
| 250 | |a 2η έκδ. | ||
| 260 | |a Αθήνα : |b Πατάκης, |c 2004. | ||
| 300 | |a 151 σ. : |b εικ. ; |c 21 εκ. | ||
| 490 | 1 | |a (Σύγχρονη λογοτεχνία για παιδιά και για νέους. Συλλογή χελιδόνια ; |v 6) | |
| 650 | 0 | 0 | |a Young adult fiction. |
| 650 | 0 | 0 | |a Young adult literature. |
| 700 | 1 | |a Ζαμπέλης, Πέτρος, |e ill | |
| 700 | 1 | |a Μενδρινού, Άννα, |e ill | |
| 830 | 0 | |a Σύγχρονη λογοτεχνία για παιδιά και για νέους. |p Συλλογή Χελιδόνια. |v 6 | |
| 852 | |a INST |b SAMOS |e 20070724 |h 808.0683 ΠΕΤ |p 005300025702 |q 005300025702 |t BK |y 0 | ||
| 901 | |a BIBL3-2007-2 | ||
| 909 | |a Σ |b 136211 | ||
| 922 | |a 3ΕΛΗ |b 200706 |c ΕΠΕΑΕΚ2/ΤΜΗΜΑ ΜΑΘΗΜΑΤΙΚΩΝ |d Σ. ΠΑΤΑΚΗΣ | ||
| 970 | |a ΜΑΛΑΓΑΡΗ |b ΦΩΤΕΙΝΗ |z 2007/07/24 | ||